Vhodnosť použitia oceňovania pomocou multiples v podmienkach SR

Guardado en:
Detalles Bibliográficos
Autor principal: Kušnír, Peter
Formato: Capítulo de libro
Lenguaje:eslovaco
Etiquetas: Agregar Etiqueta
Sin Etiquetas, Sea el primero en etiquetar este registro!

MARC

LEADER 00000naa$a2200000$$$4500
001 0152682
005 20240502125012.9
041 0 |a slo 
044 |a SK 
245 1 0 |a Vhodnosť použitia oceňovania pomocou multiples v podmienkach SR  |c Peter Kušnír 
100 1 |a Kušnír, Peter